Normale Ansicht MARC-Ansicht ISBD

Untersuchung zu den Vorwürfen gegen den Ministerpräsidenten des Landes Brandenburg Dr. Manfred Stolpe (Titelsatznr. 80199)

[ MARC ]
MARC-Details
000 -Satzkennung
Kontrollfeld mit fester Länge 01047cam a2200313 4500
001 - Kontrollnummer
Kontrollfeld 1133587607
003 - Kontrollnummer Identifier
Kontrollfeld DE-627
005 - Datum und Zeit der letzten Transaktion
Kontrollfeld 20201130092247.0
007 - Feld mit fester Länge zur physischen Beschreibung - Allgemeine Information
Kontrollfeld mit fester Länge tu
008 - Feld mit fester Länge zur physischen Beschreibung - Allgemeine Angaben
Kontrollfeld mit fester Länge 980120s1993 xx ||||| 00| ||ger c
035 ## - Systemkontrollnummer
System-Kontrollnummer (DE-627)1133587607
035 ## - Systemkontrollnummer
System-Kontrollnummer (DE-576)063587602
035 ## - Systemkontrollnummer
System-Kontrollnummer (DE-599)BSZ063587602
035 ## - Systemkontrollnummer
System-Kontrollnummer (OCoLC)248175409
040 ## - Katalogisierungsquelle
Original-Katalogisierungsstelle DE-627
Katalogisierungssprache ger
Übertragungsstelle DE-627
Beschreibungsfestlegungen rakwb
Bearbeitungsstelle StAFF
041 ## - Sprachcode
Sprachcode des Textes/der Tonspur oder des separaten Titels ger
084 ## - Andere Notation
Notation 1
Quelle der Nummer ssgn
100 1# - Haupteintragung - Personenname
Personenname Neubert, Ehrhart
Datumsangaben in Verbindung mit einem Namen 1940-
IDN des Normdatensatzes oder Standardnummer (DE-588)115786155
-- (DE-627)077471776
-- (DE-576)164223894
Code für Beziehungskennzeichnung aut
245 10 - Titel
Titel Untersuchung zu den Vorwürfen gegen den Ministerpräsidenten des Landes Brandenburg Dr. Manfred Stolpe
Verfasserangabe etc. Ehrhart Neubert [im Auftr. der Fraktion Bündnis im Landtag Brandenburg]
250 ## - Ausgabebezeichnung
Ausgabebezeichnung Auflage: 2.000
264 #1 - Produktion, Veröffentlichung, Distribution, Herstellung und Urheberrechtsvermerk
Herstellungs-, Veröffentlichungs- Vertriebs-, Erzeugungsort Potsdam
Produzent, Herausgeber, Distributor, Hersteller Fraktion Bündnis im Landtag Brandenburg
Datum der Herstellung, der Veröffentlichung, des Vertriebs oder des Urheberschutzvermerks 1993
300 ## - Physische Beschreibung
Umfang 178 S.
336 ## - Inhaltstyp
Inhaltstypterm Text
Inhaltstypcode txt
Quelle rdacontent
337 ## - Medientyp
Bezeichnung des Medientyps ohne Hilfsmittel zu benutzen
Medientypcode n
Quelle rdamedia
338 ## - Datenträgertyp
Datenträgertypbezeichnung Band
Datenträgertypcode nc
Quelle rdacarrier
951 ## - EQUIVALENCE OR CROSS-REFERENCE--GEOGRAPHIC NAME/AREA NAME [OBSOLETE] [CAN/MARC only]
Geografischer Name BO
942 ## - Zusätzliche Felder (Koha)
Klassifikation oder Aufstellungssystematik Andere/Generische Klassifikation
Koha-Medientyp Bücher
Exemplare
Ausgeschieden Verloren Klassifikation oder Aufstellungssystematik Beschädigt Nicht entleihbar Heimatbibliothek Aufenthaltsbibliothek Aufstellungsort Erwerbungsdatum Kodierter Standort-Qualifier Anzahl Ausleihen Signatur Letzte Aktivität Exemplarnummer Preis gültig von Koha-Medientyp
    Andere/Generische Klassifikation     Stadtarchiv Frankfurt (Oder) | Archivbibliothek Stadtarchiv Frankfurt (Oder) | Archivbibliothek Magazin 30/11/2020 M   II: 4972 30/11/2020 183/2020 30/11/2020 Bücher